000 00537nam a22001817a 4500
005 20231115092942.0
008 231115b |||||||| |||| 00| 0 eng d
020 _a0407002448
041 _aEnglish
082 _a344.4 MAS
100 _aMason, JK
_lEnglish
245 _aForensic Medicine for Lawyers /
_cJK Mason
250 _aSecond Edition
260 _aDurban :
_bButterworth Publishers (Pty) Ltd,
_c1983
300 _bxv, 418 pages
_c25 cm.
650 _aLegal practice
_bLaw
942 _cBK
_6ALISON_BN_VRIES
999 _c662
_d662